Spell the Marvel Character #280 - Statistics

General Stats
  • This quiz has been taken 11 times
  • The average score is 7 of 10
Answer Stats
Picture Answer % Correct
Captain Marvel
100%
Iron Fist
100%
Okoye
91%
Spectrum
91%
Armor
82%
Night Thrasher
64%
Nikki
55%
Transonic
55%
Triton
55%
Rachel Summers
45%
No matching quizzes found
Score Distribution
Percent of People with Each Score
Percentile by Number Answered
Your Score History
You have not taken this quiz